00613nam a22001577a 450000500170000001000510001702000260006803500190009403700280011308200080014110000460014924500930019526000450028827000700033330000520040320220623115236.0 aB-742379-382 HIN-21-22 a9789390594085c425.00 aB-742379-382  bEmpty Canvas Publishers aउ aचतुरसेन, आचार्य aवैशाली की नगरवधू /cआचार्य चतुरसेन aNew DelhibEmpty Canvas Publishersc2021 a4435-36/7, First Floor, Ansari Road, DaryaganjbNew Delhie110002 a474पृ.c22सेमी(अजिल्द)